000
00440nam a2200145Ia 4500
008
100122s9999 xx 000 0 und d
082
_b
31593
_a
823
100
_a
कर्नल रंजित
245
_a
भयानक हत्या
260
_b
हिंदी पॉकेट बुक्स
_c
1978
300
_a
187
630
_a
भयानक हत्या
730
_a
भयानक हत्या
942
_c
BOOK
999
_c
382993
_d
382990